<?xml version="1.0" encoding="UTF-8"?>
<record
    xmlns:xsi="http://www.w3.org/2001/XMLSchema-instance"
    xsi:schemaLocation="http://www.loc.gov/MARC21/slim http://www.loc.gov/standards/marcxml/schema/MARC21slim.xsd"
    xmlns="http://www.loc.gov/MARC21/slim">

  <leader>03232njm a2200541Ia 4500</leader>
  <controlfield tag="001">20771</controlfield>
  <controlfield tag="003">IT-RoPAU</controlfield>
  <controlfield tag="005">20220918181124.0</controlfield>
  <controlfield tag="008">131025s9999    xx            000 0 und d</controlfield>
  <datafield tag="040" ind1=" " ind2=" ">
    <subfield code="a">IT-RoPAU</subfield>
  </datafield>
  <datafield tag="040" ind1=" " ind2=" ">
    <subfield code="c">IT-RoPAU</subfield>
  </datafield>
  <datafield tag="041" ind1=" " ind2=" ">
    <subfield code="a">ITALIANO</subfield>
  </datafield>
  <datafield tag="999" ind1=" " ind2=" ">
    <subfield code="c">100046</subfield>
    <subfield code="d">100046</subfield>
  </datafield>
  <datafield tag="999" ind1=" " ind2=" ">
    <subfield code="b">n.d.</subfield>
  </datafield>
  <datafield tag="100" ind1=" " ind2=" ">
    <subfield code="a">AA.VV.</subfield>
    <subfield code="9">794</subfield>
  </datafield>
  <datafield tag="100" ind1=" " ind2=" ">
    <subfield code="e">Autore musica</subfield>
    <subfield code="9">3193</subfield>
  </datafield>
  <datafield tag="100" ind1=" " ind2=" ">
    <subfield code="g">Codice autore musica SPICS: 12000</subfield>
    <subfield code="9">796</subfield>
  </datafield>
  <datafield tag="245" ind1=" " ind2=" ">
    <subfield code="a">Non pensiamo alla guerra</subfield>
  </datafield>
  <datafield tag="250" ind1=" " ind2=" ">
    <subfield code="a">2a ed.</subfield>
  </datafield>
  <datafield tag="260" ind1=" " ind2=" ">
    <subfield code="a">MILANO</subfield>
  </datafield>
  <datafield tag="260" ind1=" " ind2=" ">
    <subfield code="b">FRATELLI FABBRI EDITORI</subfield>
    <subfield code="c">1982 [1a Ed.:1970]</subfield>
  </datafield>
  <datafield tag="300" ind1=" " ind2=" ">
    <subfield code="a">DISCO</subfield>
  </datafield>
  <datafield tag="300" ind1=" " ind2=" ">
    <subfield code="c">27 minuti (Testo:  pag.)</subfield>
  </datafield>
  <datafield tag="500" ind1=" " ind2=" ">
    <subfield code="a">La canzone italiana. Cinque temi degli anni '40. Chimera, sogno, speranza, illusione, fortuna, destino, sogno, amore, nostalgia.</subfield>
  </datafield>
  <datafield tag="505" ind1=" " ind2=" ">
    <subfield code="a">Tutto bene, madama la marchesa [(Misraki-Massucci/Osella...) (4:00)] - Signora illusione[ (Fragna/Cherubini-Dolliver) (4:00)] - Il valzer dell'organino [(Bixio/Cherubini-Pavesio) (3:00)] - E' stata una follia [(Mascheroni/Marf-Serena) (4:00)] - A zonzo [(Filippini/Morbelli-Bonino) (4:00)] - Camminando sotto la pioggia [(Frustaci/Macario-Trio Lescano) (4:00)] - Bambola [(Calzia/Mellier-Bonino) (4:00)] - Il valzer di ogni bambina [(Di Lazzaro/Masi-Fioresi/Bonino) (4:00)]</subfield>
  </datafield>
  <datafield tag="511" ind1=" " ind2=" ">
    <subfield code="a">Massucci - Osella - Molinari - Filogamo Nunzio</subfield>
  </datafield>
  <datafield tag="511" ind1=" " ind2=" ">
    <subfield code="a">Dolliver Luciana</subfield>
  </datafield>
  <datafield tag="511" ind1=" " ind2=" ">
    <subfield code="a">Pavesio Piero</subfield>
  </datafield>
  <datafield tag="511" ind1=" " ind2=" ">
    <subfield code="a">Serena Nini</subfield>
  </datafield>
  <datafield tag="511" ind1=" " ind2=" ">
    <subfield code="a">Bonino Ernesto</subfield>
  </datafield>
  <datafield tag="511" ind1=" " ind2=" ">
    <subfield code="a">Trio Lescano (Il)</subfield>
  </datafield>
  <datafield tag="511" ind1=" " ind2=" ">
    <subfield code="a">Fioresi Silvana</subfield>
  </datafield>
  <datafield tag="650" ind1=" " ind2=" ">
    <subfield code="a">CANZONE ITALIAN [DISCHI]</subfield>
    <subfield code="e">Codice MATERIA SPICS: 9950</subfield>
    <subfield code="9">3194</subfield>
  </datafield>
  <datafield tag="700" ind1=" " ind2=" ">
    <subfield code="a">Misraki Paul</subfield>
    <subfield code="d">Codice autore testo/musica SPICS: 16067</subfield>
    <subfield code="e">Autore testo/musica</subfield>
    <subfield code="p">Tutto bene, madama la marchesa</subfield>
    <subfield code="9">3195</subfield>
  </datafield>
  <datafield tag="700" ind1=" " ind2=" ">
    <subfield code="a">Cherubini Bixio</subfield>
    <subfield code="d">Codice autore musica SPICS: 13442</subfield>
    <subfield code="e">Autore musica SPICS: 13442</subfield>
    <subfield code="p">Signora illusione - Il valzer dell'organino </subfield>
    <subfield code="9">3196</subfield>
  </datafield>
  <datafield tag="700" ind1=" " ind2=" ">
    <subfield code="a">Fragna Armando</subfield>
    <subfield code="d">Codice autore testo/musica SPICS: 13570</subfield>
    <subfield code="e">Autore testo/musica</subfield>
    <subfield code="p">Signora illusione</subfield>
    <subfield code="9">3197</subfield>
  </datafield>
  <datafield tag="700" ind1=" " ind2=" ">
    <subfield code="a">Bixio Cesare Andrea</subfield>
    <subfield code="d">Codice autore testo/musica SPICS: 13441</subfield>
    <subfield code="e">Autore testo/musica</subfield>
    <subfield code="p">Valzer dell'organino </subfield>
    <subfield code="9">3198</subfield>
  </datafield>
  <datafield tag="700" ind1=" " ind2=" ">
    <subfield code="a">Marf (Bonavita Mario)</subfield>
    <subfield code="d">Codice autore musica SPICS: 13496</subfield>
    <subfield code="e">Autore musica</subfield>
    <subfield code="p">E' stata una follia</subfield>
    <subfield code="9">3199</subfield>
  </datafield>
  <datafield tag="700" ind1=" " ind2=" ">
    <subfield code="a">Mascheroni Vittorio</subfield>
    <subfield code="d">Codice autore testo/musica SPICS: 13134</subfield>
    <subfield code="e">Autore testo/musica</subfield>
    <subfield code="p">E' stata una follia</subfield>
    <subfield code="9">3200</subfield>
  </datafield>
  <datafield tag="700" ind1=" " ind2=" ">
    <subfield code="a">Morbelli Riccardo</subfield>
    <subfield code="d">Codice autore musica SPICS: 13446</subfield>
    <subfield code="e">Autore musica</subfield>
    <subfield code="p">A zonzo</subfield>
    <subfield code="9">3201</subfield>
  </datafield>
  <datafield tag="700" ind1=" " ind2=" ">
    <subfield code="a">Filippini Gino</subfield>
    <subfield code="d">Codice autore testo/musica SPICS: 13503</subfield>
    <subfield code="e">Autore testo/musica</subfield>
    <subfield code="p">A zonzo</subfield>
    <subfield code="9">3202</subfield>
  </datafield>
  <datafield tag="700" ind1=" " ind2=" ">
    <subfield code="a">Macario Erminio</subfield>
    <subfield code="d">Codice autore musica SPICS: 13573</subfield>
    <subfield code="e">Autore musica</subfield>
    <subfield code="p">Camminando sotto la pioggia</subfield>
    <subfield code="9">3203</subfield>
  </datafield>
  <datafield tag="700" ind1=" " ind2=" ">
    <subfield code="a">Frustaci Pasquale</subfield>
    <subfield code="d">Codice autore testo/musica SPICS: 13530</subfield>
    <subfield code="e">Autore testo/musica</subfield>
    <subfield code="p">Camminando sotto la pioggia</subfield>
    <subfield code="9">3204</subfield>
  </datafield>
  <datafield tag="700" ind1=" " ind2=" ">
    <subfield code="a">Mellier</subfield>
    <subfield code="d">Codice autore musica SPICS: 13574</subfield>
    <subfield code="e">Autore musica</subfield>
    <subfield code="p">Bambola</subfield>
    <subfield code="9">3205</subfield>
  </datafield>
  <datafield tag="700" ind1=" " ind2=" ">
    <subfield code="a">Calzia Eugenio</subfield>
    <subfield code="d">Codice autore testo/musica SPICS: 13540</subfield>
    <subfield code="e">Autore testo/musica</subfield>
    <subfield code="p">Bambola</subfield>
    <subfield code="9">3206</subfield>
  </datafield>
  <datafield tag="700" ind1=" " ind2=" ">
    <subfield code="a">Masi</subfield>
    <subfield code="d">Codice autore musica SPICS: 22522</subfield>
    <subfield code="e">Autore musica</subfield>
    <subfield code="p">Il valzer di ogni bambina</subfield>
    <subfield code="9">3207</subfield>
  </datafield>
  <datafield tag="700" ind1=" " ind2=" ">
    <subfield code="a">Di Lazzaro Eldo</subfield>
    <subfield code="d">Codice autore testo/musica SPICS: 13500</subfield>
    <subfield code="e">Autore testo/musica</subfield>
    <subfield code="p">Il valzer di ogni bambina</subfield>
    <subfield code="9">3208</subfield>
  </datafield>
  <datafield tag="942" ind1=" " ind2=" ">
    <subfield code="c">MD</subfield>
    <subfield code="2">ddc</subfield>
  </datafield>
  <datafield tag="952" ind1=" " ind2=" ">
    <subfield code="0">0</subfield>
    <subfield code="1">0</subfield>
    <subfield code="4">0</subfield>
    <subfield code="6">20771_000000000000000</subfield>
    <subfield code="7">1</subfield>
    <subfield code="a">SPICS</subfield>
    <subfield code="b">SPICS</subfield>
    <subfield code="d">2013-10-25</subfield>
    <subfield code="l">0</subfield>
    <subfield code="o">20771</subfield>
    <subfield code="r">2013-10-25 00:00:00</subfield>
    <subfield code="w">2013-10-25</subfield>
    <subfield code="y">MD</subfield>
    <subfield code="z">Progr. Ins.: 4074 / N.Vol.: 1 / Copie: 1 - Copia rara: n.d. / date import: 01.01.2014 - By Epidotti, Trombetti, Vaglietti</subfield>
  </datafield>
</record>
